Bytový dom

Enregistré dans:
Détails bibliographiques
Auteur principal: Juhás, Peter (Auteur)
Autres auteurs: Šťastný, Patrik (Directeur de thèse)
Format: Manuscrit Livre
Langue:slovaque
Publié: 2024
Sujets:
Accès en ligne:http://is.stuba.sk/zp/portal_zp.pl?podrobnosti=174619
https://opac.crzp.sk/?fn=detailBiblioForm&sid=D4AFBEDDECE97BC6333E059A1374
Tags: Ajouter un tag
Pas de tags, Soyez le premier à ajouter un tag!

MARC

LEADER 00000ntm a22000003a 4500
001 stuzp99200
003 SK-STU
005 20240920114551.5
007 ta
008 150427s2015----xo-----f-mn---000-0-slo-d
040 |a STU  |b slo 
041 0 |a slo 
100 1 |a Juhás, Peter  |u 010270  |4 aut  |U SvF Stavebná fakulta  |T SvF Katedra technológie stavieb  |X 112071  |U V270  |Y 28  |7 112071 
242 0 1 |a Residential house  |y eng 
245 1 0 |a Bytový dom 
260 |c 2024 
650 4 |a Časový harmonogram  |2 slo 
650 4 |a Bytový dom  |2 slo 
650 4 |a Murovanie obvodových a vnútorných nosných stien  |2 slo 
650 4 |a Bezpečnosť a ochrana zdravia pri práci  |2 slo 
650 4 |a Residential house  |2 eng 
650 4 |a Timetable  |2 eng 
650 4 |a masonry of perimeter and internal load-bearing walls  |2 eng 
700 1 |a Šťastný, Patrik  |u 010270  |k Z2  |4 ths  |U SvF Stavebná fakulta  |T SvF Katedra technológie stavieb  |X 70398  |U V270  |Y 28  |7 70398 
856 4 |u http://is.stuba.sk/zp/portal_zp.pl?podrobnosti=174619 
856 4 |u https://opac.crzp.sk/?fn=detailBiblioForm&sid=D4AFBEDDECE97BC6333E059A1374